[Event "C'Chartres Blitz M Final"]
[Site "Europe-Echecs INT"]
[Date "2020.06.14"]
[Round "1.1"]
[White "Firouzja, Alireza"]
[Black "Lagarde, Maxime"]
[Result "1-0"]
[WhiteTitle "GM"]
[BlackTitle "GM"]
[WhiteElo "2728"]
[BlackElo "2655"]
[WhiteFideId "12573981"]
[BlackFideId "662399"]
[EventDate "2020.06.14"]

1. d4 Nf6 2. Nf3 e6 3. Bg5 d5 4. e3 Be7 5. Nbd2 h6 6. Bh4 c5 7. c3 Nbd7 8. Bd3
O-O 9. Rg1 b6 10. g4 Bb7 11. Bxf6 Bxf6 12. h4 e5 13. g5 e4 14. gxf6 Qxf6 15. Ne5
Nxe5 16. dxe5 Qxe5 17. Bc2 f5 18. Qh5 d4 19. Qxh6 Rf7 20. Bb3 Bd5 21. Bxd5 Qxd5
22. c4 Qe5 23. O-O-O Rd8 24. Qf4 Qxf4 25. exf4 Rd6 26. Rg5 Rh6 27. h5 Kf8 28.
Rdg1 Rhf6 29. Nf1 Rh6 30. Ng3 Rhf6 31. Rh1 a6 32. a4 Ke7 33. h6 gxh6 34. Rgh5 b5
35. axb5 axb5 36. cxb5 Kd6 37. Rxh6 Kd5 38. Rxf6 Rxf6 39. Rh5 Kc4 40. Rxf5 Rg6
41. Nxe4 1-0

[Event "C'Chartres Blitz M Final"]
[Site "Europe-Echecs INT"]
[Date "2020.06.14"]
[Round "1.3"]
[White "Firouzja, Alireza"]
[Black "Lagarde, Maxime"]
[Result "1-0"]
[WhiteTitle "GM"]
[BlackTitle "GM"]
[WhiteElo "2728"]
[BlackElo "2655"]
[WhiteFideId "12573981"]
[BlackFideId "662399"]
[EventDate "2020.06.14"]

1. d4 f5 2. g3 Nf6 3. Bg2 g6 4. Nd2 d5 5. h4 Nc6 6. Ndf3 Bg7 7. Nh3 Qd6 8. c3 e5
9. dxe5 Nxe5 10. Nxe5 Qxe5 11. Bf4 Qe7 12. Bxd5 Nxd5 13. Qxd5 Be6 14. Qxb7 O-O
15. Qxc7 Qxc7 16. Bxc7 Rfc8 17. Nf4 Bf7 18. Ba5 Rab8 19. Nd3 Rb5 20. Bb4 a5 21.
a4 Rd5 22. Ba3 Rxc3 23. O-O Rc2 24. Rac1 Rxc1 25. Rxc1 Rd8 26. b4 axb4 27. Bxb4
Be8 28. a5 Bb5 29. Rc7 Bd4 30. Bc3 1-0

[Event "C'Chartres Blitz M Final"]
[Site "Europe-Echecs INT"]
[Date "2020.06.14"]
[Round "1.4"]
[White "Lagarde, Maxime"]
[Black "Firouzja, Alireza"]
[Result "1/2-1/2"]
[WhiteTitle "GM"]
[BlackTitle "GM"]
[WhiteElo "2655"]
[BlackElo "2728"]
[WhiteFideId "662399"]
[BlackFideId "12573981"]
[EventDate "2020.06.14"]

1. e4 e5 2. Nc3 Nf6 3. f4 d5 4. fxe5 Nxe4 5. Qf3 Nxc3 6. dxc3 Nc6 7. Bf4 Be6 8.
O-O-O Qd7 9. Qg3 O-O-O 10. Nf3 Be7 11. Bb5 a6 12. Bxc6 Qxc6 13. Nd4 Qa4 14. Kb1
g5 15. Bc1 c5 16. Nxe6 fxe6 17. Rhf1 Rdf8 18. Bxg5 Rxf1 19. Rxf1 Rg8 20. h4 Qe4
21. Qh3 Kd7 22. b3 Qxe5 23. Kb2 Rf8 24. Rxf8 Bxf8 25. Qf3 Qf5 26. Qxf5 exf5 27.
c4 Bg7+ 28. Kc1 dxc4 29. bxc4 b5 30. cxb5 axb5 31. c4 bxc4 32. Kc2 Kc6 33. Bd2
Kb5 34. Bc3 Bd4 35. h5 Ka4 36. Bb2 Kb4 37. Bc1 c3 38. Bf4 Ka3 39. Bg3 Kxa2 40.
Be1 Ka3 41. Bxc3 Bg1 42. Bd2 Ka4 43. Kd3 Kb3 44. Ke2 c4 45. Kf3 Kc2 46. Bb4 Kd3
47. g4 fxg4+ 48. Kxg4 Be3 49. Kf3 Bd2 50. Ba3 c3 51. Kf2 c2 52. Kf3 Bh6 53. Kf2
Kd2 54. Kf3 Kd1 55. Ke4 Bc1 56. Bc5 Ke2 57. Bd6 Bb2 58. Bf4 c1=Q 59. Bxc1 Bxc1
60. Kf5 Kf3 61. Ke5 h6 62. Kd4 Bg5 63. Kd3 Kf2 64. Ke4 Ke2 65. Kd4 Bf4 66. Ke4
Be3 67. Kd5 Kf3 68. Kc4 Ke4 69. Kc3 Bg5 70. Kc2 Ke3 71. Kd1 Bh4 72. Kc2 Be1 73.
Kd1 Ba5 74. Kc2 Ke2 75. Kc1 Bb4 76. Kc2 Bd2 77. Kb1 Be3 78. Kc2 Bg5 79. Kb1 Bf4
80. Kc2 Be3 81. Kb1 Bd4 82. Kc2 Bb6 83. Kc1 Be3+ 84. Kc2 Bf4 85. Kb1 Kf3 86. Kc2
Kg4 87. Kd3 Kxh5 88. Ke2 Kg4 89. Kf1 Kf3 90. Kg1 h5 91. Kh1 h4 92. Kg1 h3 93.
Kh1 h2 1/2-1/2

[Event "C'Chartres Blitz M Final"]
[Site "Europe-Echecs INT"]
[Date "2020.06.14"]
[Round "1.4"]
[White "Ivanchuk, Vasyl"]
[Black "Mamedov, Rauf"]
[Result "1/2-1/2"]
[WhiteTitle "GM"]
[BlackTitle "GM"]
[WhiteElo "2678"]
[BlackElo "2654"]
[WhiteFideId "14100010"]
[BlackFideId "13401653"]
[EventDate "2020.06.14"]

1. e4 c5 2. Nf3 d6 3. d4 cxd4 4. Nxd4 Nf6 5. Nc3 g6 6. Be3 Bg7 7. f3 Nc6 8. Qd2
O-O 9. Bc4 Bd7 10. O-O-O Rc8 11. Bb3 Nxd4 12. Bxd4 b5 13. e5 dxe5 14. Bxe5 Bc6
15. Qxd8 Rfxd8 16. Rxd8+ Rxd8 17. Rd1 Bh6+ 18. Kb1 Rxd1+ 19. Nxd1 Nd7 20. Bd4 a6
21. c3 e5 22. Be3 Bg7 23. Nf2 Kf8 24. Ne4 Ke7 25. Nc5 Nxc5 26. Bxc5+ Ke8 27. Be3
f5 28. Bc2 Kd7 29. Kc1 Kd6 30. Kd1 e4 31. fxe4 Bxe4 32. Bxe4 fxe4 33. Kd2 Kd5
34. b3 a5 35. a4 bxa4 36. c4+ Kc6 37. bxa4 Be5 38. h3 h5 39. Ke2 Bc3 40. Bf2 Kd6
41. Be3 Kc6 42. Bf2 Kd6 43. Be3 Kc6 1/2-1/2

[Event "C'Chartres Blitz M Final"]
[Site "Europe-Echecs INT"]
[Date "2020.06.14"]
[Round "1.1"]
[White "Bauer, Christian"]
[Black "Murzin, Volodar"]
[Result "0-1"]
[WhiteTitle "GM"]
[BlackTitle "IM"]
[WhiteElo "2623"]
[BlackElo "2465"]
[WhiteFideId "603767"]
[BlackFideId "44155573"]
[EventDate "2020.06.14"]

1. g3 Nf6 2. Bg2 g6 3. e4 d6 4. d4 Bg7 5. Ne2 O-O 6. Nbc3 Nbd7 7. h3 e5 8. O-O
c6 9. a4 a5 10. Re1 Re8 11. b3 exd4 12. Nxd4 Nc5 13. Bf4 h5 14. Qd2 Ne6 15. Nxe6
Bxe6 16. Bxd6 h4 17. e5 Nd7 18. Rad1 hxg3 19. fxg3 Qb6+ 20. Kh2 Rad8 21. Qg5 Bf5
22. Ne4 Nxe5 23. Nf6+ Bxf6 24. Qxf6 Rxd6 25. Qxd6 Nf3+ 26. Bxf3 Rxe1 27. Qd8+
Qxd8 28. Rxd8+ Kg7 29. Rb8 Re7 30. c3 Bc2 31. g4 Re3 32. Bh1 Rxc3 33. Rxb7 Bxb3
34. Bxc6 Rxc6 35. Rxb3 Rc4 36. Ra3 g5 37. Kg3 Kf6 38. Rf3+ Kg6 39. Ra3 Kf6 40.
Rf3+ Kg6 41. Ra3 Rb4 42. Kf3 f5 43. Rc3 fxg4+ 44. hxg4 Rxa4 45. Rc6+ Kg7 46. Rc5
Kg6 47. Rc6+ Kf7 48. Rc5 Kf6 49. Rf5+ Kg6 50. Rb5 Rf4+ 51. Ke3 a4 52. Rb6+ Kf7
53. Rb7+ Ke6 54. Rb6+ Kd7 55. Ra6 Kc7 56. Ra5 Rxg4 57. Kf3 Kb6 58. Re5 Rf4+ 59.
Ke3 a3 60. Rxg5 Rc4 61. Kd3 Rc1 62. Rg2 Kb5 63. Rc2 Rb1 64. Kc3 Ka4 65. Rh2 Rb3+
66. Kc4 Rb2 67. Rh8 Rc2+ 68. Kd3 Rc6 69. Ra8+ Kb3 70. Rb8+ Ka2 71. Rb7 Ka1 72.
Kd2 Rc5 73. Rb6 Rc4 74. Rb5 Ka2 75. Rb6 Rc8 76. Rb7 Ka1 77. Rb6 a2 78. Rb7 Rh8
79. Kc2 Rh2+ 80. Kc1 Rh1+ 81. Kc2 Rb1 82. Ra7 Rb8 83. Kc1 Rb5 84. Kc2 Rb6 85.
Ra8 Rc6+ 86. Kd2 Rb6 87. Kc2 Rb5 88. Ra7 Rb6 89. Ra5 Rc6+ 90. Kd2 Kb2 91. Rb5+
Ka3 92. Ra5+ Kb3 93. Ra8 Rc4 94. Kd3 Ra4 95. Rb8+ Rb4 96. Ra8 Kb2 0-1

[Event "C'Chartres Blitz M Final"]
[Site "Europe-Echecs INT"]
[Date "2020.06.14"]
[Round "1.2"]
[White "Murzin, Volodar"]
[Black "Bauer, Christian"]
[Result "0-1"]
[WhiteTitle "IM"]
[BlackTitle "GM"]
[WhiteElo "2465"]
[BlackElo "2623"]
[WhiteFideId "44155573"]
[BlackFideId "603767"]
[EventDate "2020.06.14"]

1. e4 c5 2. Nf3 e6 3. g3 Nc6 4. Bg2 Nf6 5. d3 d6 6. O-O Be7 7. Nbd2 O-O 8. Re1
Bd7 9. a4 Re8 10. Nc4 h6 11. e5 dxe5 12. Nfxe5 Rc8 13. Nxd7 Qxd7 14. Bd2 Bf8 15.
Ne5 Nxe5 16. Rxe5 Red8 17. Qf3 b6 18. b3 Nd5 19. Rae1 g6 20. h4 Bg7 21. R5e4 Nb4
22. Qd1 Nc6 23. h5 g5 24. Bh3 Nd4 25. Bc1 a6 26. Bb2 Re8 27. Bc1 b5 28. axb5
axb5 29. Bg2 Rcd8 30. Bd2 Rc8 31. Bh3 Rc6 32. Bg2 Rcc8 33. Bh1 Red8 34. Bg2 c4
35. bxc4 bxc4 36. Ba5 cxd3 37. cxd3 Re8 38. Bd2 Nf5 39. Be3 Rcd8 40. Rc4 Qxd3
41. Qxd3 Rxd3 42. Bc5 Rc8 43. Be4 Rc3 44. Rc1 Rxc1+ 45. Rxc1 Bd4 46. Ba3 Rxc1+
47. Bxc1 Nxg3 48. Bf3 Nf5 49. Kf1 Ne7 50. Ke2 Kg7 51. Bd2 Nd5 52. Be4 Nf6 53.
Bf3 g4 54. Bg2 Nxh5 55. Ba8 f5 56. Be1 Be5 57. Kf1 Nf4 58. Bd2 h5 59. Bc6 h4 60.
Bd7 Kf6 61. Ba5 Bd6 62. Bc6 e5 63. Bd8+ Be7 64. Ba5 Ne6 65. Bc3 Bc5 66. Bd7 h3
67. Be1 f4 68. Bc8 Bd4 69. Bd7 e4 70. Bc8 e3 71. fxe3 Bxe3 72. Bc3+ Kf5 73. Ba5
g3 74. Bb7 g2+ 75. Bxg2 hxg2+ 76. Kxg2 Kg4 0-1

[Event "C'Chartres Blitz M Final"]
[Site "Europe-Echecs INT"]
[Date "2020.06.14"]
[Round "1.3"]
[White "Bauer, Christian"]
[Black "Murzin, Volodar"]
[Result "1-0"]
[WhiteTitle "GM"]
[BlackTitle "IM"]
[WhiteElo "2623"]
[BlackElo "2465"]
[WhiteFideId "603767"]
[BlackFideId "44155573"]
[EventDate "2020.06.14"]

1. e4 c6 2. d3 d5 3. Qe2 d4 4. Nf3 c5 5. g3 Nc6 6. e5 Bg4 7. Bg2 e6 8. Nbd2 Nge7
9. h3 Bh5 10. O-O Nd5 11. a3 Be7 12. Re1 Qc7 13. Nf1 O-O-O 14. Bd2 Kb8 15. c4
dxc3 16. bxc3 Rd7 17. N1h2 Rhd8 18. Ng4 Bg6 19. d4 Nb6 20. a4 Na5 21. dxc5 Bxc5
22. Nd4 Bxd4 23. cxd4 Nb3 24. a5 Nxd4 25. Qf1 Nd5 26. Rec1 Nc2 27. Bg5 Rc8 28.
Ne3 Ndxe3 29. Bxe3 Qc3 30. Rab1 Bd3 31. Qd1 Rcc7 32. Qf3 Ba6 33. Qe4 Qd3 34. Bg5
Qxe4 35. Bxe4 Nd4 36. Kg2 Ne2 37. Rxc7 Rxc7 38. Rd1 Nc3 39. Rd8+ Rc8 40. Bxh7
Bc4 41. Bg8 Rxd8 42. Bxd8 Kc8 43. Bg5 Ne4 44. Be3 Bd5 45. f3 Nc3 46. Bxf7 b6 47.
axb6 a5 48. Bd2 Ne2 49. Bxa5 Nd4 50. Bh5 Kb7 51. Bg4 Nc6 52. Bc3 Kxb6 53. Kf2
Kc5 54. Ke3 Kc4 55. Bb2 Nb4 56. h4 Kb3 57. Bc1 Kc2 58. Ba3 Nd3 59. Bd6 g6 60. h5
gxh5 61. Bxh5 Ne1 62. Bg6+ Kd1 63. Be4 Bc4 64. g4 Ng2+ 65. Kd4 Ba2 66. g5 Nf4
67. g6 Nh5 68. Bf8 1-0

[Event "C'Chartres Blitz M Final"]
[Site "Europe-Echecs INT"]
[Date "2020.06.14"]
[Round "1.4"]
[White "Murzin, Volodar"]
[Black "Bauer, Christian"]
[Result "1-0"]
[WhiteTitle "IM"]
[BlackTitle "GM"]
[WhiteElo "2465"]
[BlackElo "2623"]
[WhiteFideId "44155573"]
[BlackFideId "603767"]
[EventDate "2020.06.14"]

1. e4 Nc6 2. d4 e5 3. dxe5 Nxe5 4. Nf3 Qf6 5. Nc3 Bb4 6. Bd2 Ne7 7. Nxe5 Qxe5 8.
Bd3 d5 9. a3 dxe4 10. Qe2 Bd6 11. Nxe4 O-O 12. Bc3 Qf4 13. Bd2 Qg4 14. Nxd6
Qxe2+ 15. Kxe2 cxd6 16. Bf4 Rd8 17. Rhe1 Be6 18. Kd2 h6 19. Re2 Kf8 20. Rae1
Rac8 21. h3 Nc6 22. g4 Nd4 23. Re3 g5 24. Bg3 Bd5 25. Kc1 Nb3+ 26. Kd1 Nc5 27.
f4 Nxd3 28. Rxd3 Bc4 29. Rd4 d5 30. fxg5 hxg5 31. Be5 Rc6 32. b3 Ba6 33. Kd2 Re6
34. c4 f6 35. Bc7 Rxe1 36. Bxd8 Rf1 37. Rxd5 b6 38. Kc3 Bb7 39. Rd6 Bg2 40. Bxf6
Bxh3 41. Bxg5 Bxg4 42. Rd8+ Kf7 43. Ra8 Kg6 44. Be3 Rf3 45. Kd2 Rh3 46. Rxa7
Rh2+ 47. Kc3 Bf5 48. Bxb6 Rh3+ 49. Kb2 Rh2+ 50. Kc3 Rh3+ 51. Kb4 Bc2 52. Kc5
Bxb3 53. Rc7 Bxc4 54. Kxc4 Rxa3 55. Bd4 Rf3 56. Kd5 Kf5 57. Rf7+ Kg4 58. Rg7+
Kf5 59. Rg8 Kf4 60. Be5+ Kf5 61. Kd4 Rh3 62. Kd5 Rd3+ 63. Bd4 Rf3 64. Re8 Rf4
65. Rf8+ Kg4 66. Rg8+ Kf5 67. Be3 Rf3 68. Re8 Rh3 69. Rf8+ Kg6 70. Bd4 Rd3 71.
Ke4 Rd1 72. Rf6+ Kg5 73. Rf2 Re1+ 74. Kd5 Kg4 75. Be5 Rd1+ 76. Ke6 Re1 77. Rf8
Re2 78. Rf4+ Kg5 79. Rf3 Kg4 80. Rg3+ Kh4 81. Rg8 Rf2 82. Bg3+ Kh5 83. Bxf2 1-0

[Event "C'Chartres Blitz M Final"]
[Site "Europe-Echecs INT"]
[Date "2020.06.14"]
[Round "1.5"]
[White "Bauer, Christian"]
[Black "Murzin, Volodar"]
[Result "1-0"]
[WhiteTitle "GM"]
[BlackTitle "IM"]
[WhiteElo "2623"]
[BlackElo "2465"]
[WhiteFideId "603767"]
[BlackFideId "44155573"]
[EventDate "2020.06.14"]

1. d4 Nf6 2. Nf3 g6 3. Nc3 Bg7 4. e4 d6 5. Be3 O-O 6. Qd2 c6 7. h3 b5 8. Bd3 b4
9. Ne2 a5 10. Ng3 Ba6 11. O-O Bxd3 12. cxd3 Nbd7 13. Rfc1 Ra6 14. a3 bxa3 15.
Rxa3 Qb6 16. Ne2 Rb8 17. Ra2 Qb3 18. Rca1 c5 19. Nc1 Qb7 20. b3 cxd4 21. Bxd4
Nc5 22. Ra3 h6 23. R1a2 Kh7 24. Bxc5 dxc5 25. Rxa5 Rxa5 26. Qxa5 Nd7 27. h4 c4
28. dxc4 Qxe4 29. Re2 Qb1 30. Re1 Nf6 31. Qc7 Re8 32. Qf4 Qc2 33. Qe3 e5 34. Qe2
Qf5 35. Na2 e4 36. Nh2 h5 37. Nb4 Qc5 38. Nc2 Bh6 39. Ne3 Qb6 40. Qb2 Rd8 41.
Nhf1 Rd3 42. b4 Bg7 43. c5 Qe6 44. Qc2 Rd4 45. b5 Nd5 46. Nxd5 Qxd5 47. c6 Rc4
48. Qe2 Qc5 49. Ne3 Rc3 50. Qd2 Qb6 51. Qxc3 Qc7 52. Qc4 Bf6 53. Qxe4 1-0

[Event "C'Chartres Blitz M Final"]
[Site "Europe-Echecs INT"]
[Date "2020.06.14"]
[Round "1.1"]
[White "Guliyev, Namig"]
[Black "Maghsoodloo, Parham"]
[Result "0-1"]
[WhiteTitle "GM"]
[BlackTitle "GM"]
[WhiteElo "2529"]
[BlackElo "2676"]
[WhiteFideId "13400363"]
[BlackFideId "12539929"]
[EventDate "2020.06.14"]

1. e4 c5 2. Nf3 Nc6 3. d4 cxd4 4. Nxd4 Nf6 5. Nc3 d6 6. Be2 a6 7. O-O Bd7 8. Bg5
e6 9. Kh1 Be7 10. a4 O-O 11. Nb3 Rc8 12. a5 Qc7 13. Be3 Ne5 14. Bb6 Qb8 15. Qd4
Bc6 16. Qe3 Ned7 17. Ba7 Qc7 18. f4 Rfe8 19. Bd3 e5 20. Qg3 Nh5 21. Qh3 Nxf4 22.
Rxf4 exf4 23. e5 Nf8 24. Bb6 Qb8 25. exd6 Bxd6 26. Nd4 Bd7 27. Qf3 Be5 28. Nd5
Qd6 29. c4 Bc6 30. Be4 Ng6 31. Nf5 Qe6 32. Bd3 Bxb2 33. Rb1 Bf6 34. Qh3 Bxd5 35.
cxd5 Qxd5 36. Rd1 Rc3 37. Qf3 Qxf3 38. gxf3 Ne5 39. Be4 Nxf3 40. Nd6 Re6 41.
Bxb7 Re1+ 42. Rxe1 Nxe1 43. Bxa6 Rc1 44. Bc4 f3 45. Be3 Ra1 46. h4 Nc2+ 47. Kh2
Be5+ 48. Kh3 Nxe3 0-1

[Event "C'Chartres Blitz M Final"]
[Site "Europe-Echecs INT"]
[Date "2020.06.14"]
[Round "1.2"]
[White "Maghsoodloo, Parham"]
[Black "Guliyev, Namig"]
[Result "1/2-1/2"]
[WhiteTitle "GM"]
[BlackTitle "GM"]
[WhiteElo "2676"]
[BlackElo "2529"]
[WhiteFideId "12539929"]
[BlackFideId "13400363"]
[EventDate "2020.06.14"]

1. c4 e5 2. g3 Nf6 3. Bg2 d5 4. cxd5 Nxd5 5. Nc3 Nb6 6. e3 Nc6 7. Nge2 Be7 8.
O-O O-O 9. d4 exd4 10. exd4 Bg4 11. h3 Bh5 12. g4 Bg6 13. d5 Nb4 14. Nf4 Bc2 15.
Qf3 h6 16. a3 Na6 17. Re1 Re8 18. Be3 Nc5 19. b4 Ncd7 20. Bd4 Bf6 21. Nb5 Rxe1+
22. Rxe1 a6 23. Bxf6 Nxf6 24. Nd4 Bh7 25. h4 Qd6 26. g5 hxg5 27. hxg5 Re8 28.
Re3 Rxe3 29. Qxe3 Nfd7 30. Qe8+ Qf8 31. Qe2 Qd6 32. Qg4 Ne5 33. Qg3 Nbd7 34. Nb3
Nc4 35. Bh3 Nde5 36. Nc5 b6 37. Nxa6 Be4 38. Bg2 Nd2 39. Bxe4 Nxe4 40. Qe3 Nxg5
41. Nb8 Ngf3+ 42. Kf1 Qh6 43. Ke2 Qh1 44. Qc3 Ng1+ 45. Kd2 Qe4 46. Nd3 Ngf3+ 47.
Kd1 Nxd3 48. Nd7 Nxf2+ 49. Kc1 Qxd5 50. Qxc7 Qd1+ 51. Kb2 Nd3+ 52. Ka2 Qd2+ 53.
Ka1 Qd1+ 54. Ka2 Nc1+ 55. Kb2 Nd3+ 56. Ka2 1/2-1/2

[Event "C'Chartres Blitz M Final"]
[Site "Europe-Echecs INT"]
[Date "2020.06.14"]
[Round "1.3"]
[White "Guliyev, Namig"]
[Black "Maghsoodloo, Parham"]
[Result "1/2-1/2"]
[WhiteTitle "GM"]
[BlackTitle "GM"]
[WhiteElo "2529"]
[BlackElo "2676"]
[WhiteFideId "13400363"]
[BlackFideId "12539929"]
[EventDate "2020.06.14"]

1. e4 c5 2. Nf3 Nc6 3. Nc3 Nf6 4. Bb5 d6 5. h3 Bd7 6. O-O g6 7. Bxc6 Bxc6 8. e5
dxe5 9. Nxe5 Rc8 10. d3 Bg7 11. Be3 O-O 12. Re1 Nd5 13. Nxc6 Rxc6 14. Bd2 Re8
15. Nxd5 Qxd5 16. Bc3 Bd4 17. Qd2 e5 18. a4 Rce6 19. Re2 b6 20. Rae1 a6 21. Qh6
b5 22. axb5 axb5 23. Bxd4 cxd4 24. h4 e4 25. dxe4 Rxe4 26. Qd2 h5 27. Rxe4 Rxe4
28. Rxe4 Qxe4 29. g3 Kg7 30. Qb4 Qxc2 31. Qxd4+ Kg8 32. Qd8+ Kg7 33. Qd4+ Kg8
34. Qd8+ Kg7 35. Qd4+ 1/2-1/2

[Event "C'Chartres Blitz M Final"]
[Site "Europe-Echecs INT"]
[Date "2020.06.14"]
[Round "1.4"]
[White "Maghsoodloo, Parham"]
[Black "Guliyev, Namig"]
[Result "1/2-1/2"]
[WhiteTitle "GM"]
[BlackTitle "GM"]
[WhiteElo "2676"]
[BlackElo "2529"]
[WhiteFideId "12539929"]
[BlackFideId "13400363"]
[EventDate "2020.06.14"]

1. e4 c5 2. Nf3 d6 3. Nc3 a6 4. g3 b5 5. Bg2 b4 6. Ne2 Bb7 7. d3 Nc6 8. O-O g6
9. Nh4 Bg7 10. f4 Nf6 11. h3 Nd7 12. c3 a5 13. Be3 a4 14. a3 bxc3 15. bxc3 O-O
16. Rb1 Qc7 17. f5 Ba6 18. Nf4 Qa5 19. fxg6 hxg6 20. c4 Nde5 21. Nf3 Rab8 22.
Nxe5 Bxe5 23. Rxb8 Rxb8 24. Qg4 Bc8 25. Qf3 Bg7 26. Nd5 Be6 27. Nf4 Ne5 28. Qe2
Rb2 29. Qd1 Qc3 30. Qxa4 Nxd3 31. Qe8+ Kh7 32. Nxe6 fxe6 33. Qxe7 Ne1 34. Qh4+
Kg8 35. Qd8+ Kh7 36. Qh4+ Kg8 37. Qd8+ Kh7 38. Qh4+ 1/2-1/2

[Event "C'Chartres Blitz M Final"]
[Site "Europe-Echecs INT"]
[Date "2020.06.14"]
[Round "2.1"]
[White "Ivanchuk, Vasyl"]
[Black "Firouzja, Alireza"]
[Result "0-1"]
[WhiteTitle "GM"]
[BlackTitle "GM"]
[WhiteElo "2678"]
[BlackElo "2728"]
[WhiteFideId "14100010"]
[BlackFideId "12573981"]
[EventDate "2020.06.14"]

1. d4 Nf6 2. c4 g6 3. Nc3 Bg7 4. e4 d6 5. Bd3 O-O 6. Nge2 Nc6 7. O-O Nd7 8. Be3
e5 9. d5 Ne7 10. b4 f5 11. f3 f4 12. Bf2 g5 13. c5 Ng6 14. cxd6 cxd6 15. Nb5 Nf6
16. Rc1 Rf7 17. Qc2 Ne8 18. Nxa7 Bd7 19. Bb5 g4 20. Kh1 g3 21. Bg1 gxh2 22. Bf2
Qg5 23. Bxd7 Rxd7 24. Qa4 Nf6 25. Rc8+ Rxc8 26. Nxc8 Bf8 27. Qc2 Rg7 28. Nc1 h5
29. Nb6 Ne7 30. Be1 h4 31. Kxh2 Nh5 32. Nd3 Ng3 33. Rg1 Kh7 34. Nc4 Ng8 35. a4
Nf6 36. a5 Qh5 37. Nf2 h3 38. Nxh3 Kg8 39. b5 Nh7 40. Rh1 Ng5 41. Bxg3 Nxf3+ 42.
gxf3 Rxg3 43. Qg2 Rxg2+ 44. Kxg2 Qh4 45. Nf2 Qd8 46. a6 bxa6 47. bxa6 Qc7 48.
Ra1 Qa7 49. Nb6 Kf7 50. Nc8 Qd4 51. Ra2 Qc4 52. Ra5 Qxc8 53. a7 Qa8 54. Nd3 Be7
55. Nb4 Bd8 56. Ra6 Bb6 57. Rxb6 Qxa7 58. Rxd6 Qe3 59. Nc6 Qe2+ 60. Kg1 Qe1+ 61.
Kg2 Qg3+ 62. Kf1 Qxf3+ 63. Ke1 Qxe4+ 64. Kd2 f3 65. Rd7+ Kf6 66. Rd8 Kg7 67.
Rd7+ Kf6 68. Rd8 Qe2+ 69. Kc3 f2 70. Rf8+ Kg7 71. Rf5 Qe3+ 72. Kb4 Qe4+ 73. Kc5
Qxf5 74. Kd6 f1=Q 75. Ke7 Qf8+ 76. Ke6 Q1f6+ 77. Kd7 Q6d6# 0-1

[Event "C'Chartres Blitz M Final"]
[Site "Europe-Echecs INT"]
[Date "2020.06.14"]
[Round "2.3"]
[White "Ivanchuk, Vasyl"]
[Black "Firouzja, Alireza"]
[Result "0-1"]
[WhiteTitle "GM"]
[BlackTitle "GM"]
[WhiteElo "2678"]
[BlackElo "2728"]
[WhiteFideId "14100010"]
[BlackFideId "12573981"]
[EventDate "2020.06.14"]

1. d4 Nf6 2. Nf3 g6 3. g3 Bg7 4. Bg2 O-O 5. O-O d6 6. Nc3 d5 7. Re1 b6 8. e4
dxe4 9. Nxe4 Nxe4 10. Rxe4 Bb7 11. Re1 e6 12. Bg5 Qc8 13. Qd2 Re8 14. Bh6 Bh8
15. c4 Nc6 16. Rad1 Ne7 17. Bf4 c5 18. dxc5 Qxc5 19. b3 Bf6 20. Ng5 Bxg2 21.
Kxg2 Qc6+ 22. Ne4 Rad8 23. Qxd8 Rxd8 24. Rxd8+ Kg7 25. Rd6 Qb7 26. f3 Nf5 27.
Rd3 Bb2 28. Red1 h6 29. Rd7 Qa6 30. a4 e5 31. Bd2 Qc8 32. Rxa7 Bd4 33. Re1 b5
34. c5 bxa4 35. Rxa4 Qc6 36. Ra5 g5 37. h3 Qd5 38. Rb5 Ne7 39. Rb6 Qa8 40. c6
Qa2 41. c7 Bxb6 42. Re2 Qa6 43. Re1 Bxc7 44. Bc3 Nd5 45. Bb2 Qd3 0-1

[Event "C'Chartres Blitz M Final"]
[Site "Europe-Echecs INT"]
[Date "2020.06.14"]
[Round "2.4"]
[White "Firouzja, Alireza"]
[Black "Ivanchuk, Vasyl"]
[Result "1/2-1/2"]
[WhiteTitle "GM"]
[BlackTitle "GM"]
[WhiteElo "2728"]
[BlackElo "2678"]
[WhiteFideId "12573981"]
[BlackFideId "14100010"]
[EventDate "2020.06.14"]

1. d4 f5 2. g3 Nf6 3. Bg2 g6 4. Nd2 Nc6 5. d5 Ne5 6. e4 fxe4 7. Nxe4 Nxe4 8.
Bxe4 d6 9. Nf3 Bg4 10. h3 Bxf3 11. Bxf3 Nxf3+ 12. Qxf3 Bg7 13. c3 Qd7 14. Be3
Qf5 15. Qxf5 gxf5 16. O-O-O Kd7 17. Rhe1 c6 18. Bd4 Rhg8 19. Bxg7 Rxg7 20. Rd4
cxd5 21. Rxd5 Rf8 22. Rd4 Rg6 23. a4 Rh6 24. h4 f4 25. Rb4 b6 26. a5 fxg3 27.
fxg3 Re6 28. Rxe6 Kxe6 29. axb6 axb6 30. Rxb6 Rg8 31. Rb5 Rxg3 32. Rh5 Rg7 33.
b4 Kd7 34. Kd2 Kc6 35. c4 e5 36. Rh6 Rg4 37. c5 Rxb4 38. cxd6 Rd4+ 39. Ke3 Rxd6
40. Rxh7 Kd5 41. Ra7 Ke6 42. h5 Kf5 43. Rf7+ Kg5 44. Ke4 Kxh5 45. Kxe5 Rd1 46.
Rf4 Kg6 47. Rd4 Rxd4 48. Kxd4 1/2-1/2

[Event "C'Chartres Blitz M Final"]
[Site "Europe-Echecs INT"]
[Date "2020.06.14"]
[Round "2.1"]
[White "Maghsoodloo, Parham"]
[Black "Bauer, Christian"]
[Result "1-0"]
[WhiteTitle "GM"]
[BlackTitle "GM"]
[WhiteElo "2676"]
[BlackElo "2623"]
[WhiteFideId "12539929"]
[BlackFideId "603767"]
[EventDate "2020.06.14"]

1. e4 e6 2. d4 d5 3. e5 c5 4. c3 Nc6 5. Nf3 Qb6 6. a3 f6 7. Bd3 c4 8. Bc2 fxe5
9. dxe5 Nh6 10. Qe2 Nf7 11. O-O Bd7 12. Nbd2 Qc7 13. Re1 g5 14. h3 Bg7 15. Nf1
h6 16. Ng3 O-O-O 17. Nh5 Bxe5 18. Bg6 Be8 19. g4 Bd6 20. Qxe6+ Kb8 21. Nf6 Nfe5
22. Nxe5 Nxe5 23. Nxe8 Rhxe8 24. Bxe8 Nf3+ 25. Kg2 Nxe1+ 26. Qxe1 Bc5 27. Qe6 a6
28. Be3 Bxe3 29. Qxe3 1-0

[Event "C'Chartres Blitz M Final"]
[Site "Europe-Echecs INT"]
[Date "2020.06.14"]
[Round "2.2"]
[White "Bauer, Christian"]
[Black "Maghsoodloo, Parham"]
[Result "1-0"]
[WhiteTitle "GM"]
[BlackTitle "GM"]
[WhiteElo "2623"]
[BlackElo "2676"]
[WhiteFideId "603767"]
[BlackFideId "12539929"]
[EventDate "2020.06.14"]

1. Nf3 d5 2. d3 c6 3. Nc3 Bg4 4. e4 e6 5. h3 Bh5 6. Be2 Bd6 7. O-O Ne7 8. Ng5
Bxe2 9. Qxe2 h6 10. Nf3 Nd7 11. Nd1 O-O 12. c4 a5 13. Ne3 a4 14. Ng4 Ng6 15. e5
Be7 16. cxd5 exd5 17. Bxh6 gxh6 18. Nxh6+ Kh7 19. Nf5 Nf4 20. Qc2 Rg8 21. g3 Rg6
22. h4 Nc5 23. Kh2 Nfxd3 24. h5 Rg4 25. Rad1 Nb4 26. Qb1 Kh8 27. a3 Nba6 28. Nh6
Rg7 29. Qf5 Qe8 30. Nd4 Ne4 31. Ng4 Rg5 32. Qf3 Nac5 33. Kg2 Ne6 34. Nf5 Qf8 35.
Rh1 Re8 36. Rde1 f6 37. Rxe4 dxe4 38. Qxe4 Nc5 39. Qf4 fxe5 40. Qxe5+ Kh7 41.
Nge3 Bd8 42. Qd4 Ne6 43. Qd3 Kh8 44. Kf1 Bf6 45. Nh4 Rd8 46. Ng6+ Kg7 47. Nxf8
Rxd3 48. Nxe6+ Kh7 49. Nxg5+ Bxg5 50. Ke2 Rb3 51. Nd1 Bf6 52. Rg1 Bxb2 53. Nxb2
Rxb2+ 54. Kf3 Rb3+ 55. Kg4 Rxa3 56. Re1 Rb3 57. Re7+ Kh8 58. Kg5 1-0